1 jeu de mots = 1 Animal - Statistiques

Statistiques générales
  • Ce quiz a été pris 963 fois
  • Le résultat moyen est 4 sur 17
Statistiques - réponses
Jeux de mots Animal % Correct
Il est chouette ce quiz ! Chouette
97%
Serpent qui fait dring dring Serpent à sonnette
49%
Il en existe 12 dans l'horoscope Cygne
42%
En lui rajoutant un M , elle deviens dijonnaise Outarde
36%
Il est le dieu du soleil en Égypte ! Rat
27%
Dos pas très épais Dauphin
24%
Salut ! Coucou
15%
Hotel pas très cher Ibis
14%
Animal qui habite dans le Rhône Lion
11%
Il dort depuis 1680 Dodo
10%
Hé, ce n'est pas un carré ! Héron
8%
Fermé depuis bien trop longtemps Bar
4%
WAW ! Oie
4%
Ours des maldives Ours malais
4%
Animal écrivain Bouc
2%
Lorqu'on le mets dans une voiture il deviens festif Narval
2%
Très utile au Guatemala Quetzal
2%
Aucun quiz correspondant
Distribution des résultats
% des personnes avec chaque résultat
Percentile par nombre de réponses
Votre historique - résultats
Vous n’avez pas pris ce quiz